Normal view
MARC view
Entry Personal Name
001 - CONTROL NUMBER
- control field: 47776
003 - CONTROL NUMBER IDENTIFIER
- control field: ARRUPE
005 - DATE AND TIME OF LATEST TRANSACTION
- control field: 20190814112040.0
008 - FIXED-LENGTH DATA ELEMENTS
- fixed length control field: 190814|| aca||aabn | a|a d
040 ## - CATALOGING SOURCE
- Original cataloging agency: ARRUPE
- Transcribing agency: ARRUPE
100 ## - HEADING--PERSONAL NAME
- Personal name: Meister, Chad V.,
- Dates associated with a name: 1965-
670 ## - SOURCE DATA FOUND
- Source citation: Work cat.: (ARRUPE)0: The Routledge companion to philosophy of religion /, 2013.